| 000 | 00798nam a2200253 a 4500 | ||
|---|---|---|---|
| 001 | 790 | ||
| 003 | BR-CuiBMT | ||
| 005 | 20231129144419.0 | ||
| 008 | 231117s2012 rjb 000 0 por d | ||
| 020 | _a9788535255188 | ||
| 040 |
_aBR-CuiBMT _cBR-CuiBMT |
||
| 080 |
_a342.33 _22007 |
||
| 090 |
_a342.33 _bA161s |
||
| 100 | 1 | 0 | _aAbramovay, Pedro |
| 245 | 1 | 0 |
_aSeparação de poderes e medidas provisórias / _cPedro Abramovay. |
| 260 |
_aRio de Janeiro : _bElsevier, _c2012. |
||
| 300 |
_a99 p. ; _c23 cm |
||
| 504 | _ainclui bibliografia. | ||
| 650 |
_aPoder legislativo e executivo _xTeoria contemporânea |
||
| 650 |
_aPoderes Legislativo e executivo _xSeparação de poderes |
||
| 650 |
_aMedidas provisórias _xAnálise _zBrasil |
||
| 650 |
_aDireito constitucional _zBrasil |
||
| 942 |
_2udc _cLV |
||
| 999 |
_c790 _d790 |
||